000 00929nam a2200229Ii 4500
003 JO-AjNU
008 230605s9999||||xx |||||||||||||| ||und||
017 _a2010/10/3915
020 _a978-9957-33-237-2
040 _aJO-AjNU
_bara
_erda
_cJO-AjNU
041 _aara
050 1 4 _aPJ6123 2011
100 3 _aتأليف عبد الهاشمي،عبد الرحمن؛م مشارك العزاوي؛محمد فخري؛تقديم عويدات،عبد الله,
_eauthor
_951367
245 0 0 _aالكتابة الفنية مفهومها-أهميتها-مهاراتها-تطبيقاتها:Technical Writing
250 _aط1
264 3 1 _aعمان:مؤسسة الوراق للنشر والتوزيع،2010
300 _a331ص
336 _atext
_btxt
_2rdacontent
337 _aunmediated
_bn
_2rdamedia
338 _avolume
_bnc
_2rdacarrier
650 4 _aالكتابة-الأسلوب الادبي-اللغة العربية
_951368
999 _aA22684
_c26252
_d26252